Carregant...

Shishirathile ilakkal /

Dades bibliogràfiques
Autor principal: Dev, K. J.
Format: Printed Book
Idioma:Malayalam
Publicat: DevK.J , 1975
Matèries:
LEADER 00467nam a2200157Ia 4500
008 150624b xxu||||| |||| 00| f mal d
999 |c 75049  |d 75049 
082 |a 853.3D2 
100 |a Dev, K. J. 
245 |c K. J. Dev  |a Shishirathile ilakkal / 
260 |b DevK.J ,  |c 1975 
300 |a 1978 p. 
546 |a In Malayalam. 
650 |v Novel 
942 |c BK 
952 |0 0  |1 0  |4 1  |6 853_000000000000000_3D2_SIS_M  |7 0  |9 74993  |a UL  |b UL  |c ST1  |d 1998-09-15  |l 0  |o 853.3D2 SIS M  |p 20578  |r 2012-10-27  |y BK